[Event "C.to Provinciale KR"]
[Site "Cutro ITA"]
[Date "2012.02.24"]
[Round "1"]
[White "Guzzo, Giovanni"]
[Black "Virelli, Salvatore"]
[Result "0-1"]
[WhiteElo "1714"]
[BlackElo "1455"]
[PlyCount "148"]
[EventDate "2012.02.24"]

1. e4 c5 2. Nf3 d6 3. d4 cxd4 4. Nxd4 Nf6 5. Nc3 e6 6. Bd3 Nc6 7. Nb3 a6 8. O-O
Be7 9. f4 O-O 10. a3 b5 11. Qf3 e5 12. f5 Bb7 13. Qg3 Nh5 14. Qg4 Nf6 15. Qg3
Nh5 16. Qh3 Nf4 17. Bxf4 exf4 18. Rxf4 Ne5 19. Raf1 Bg5 20. R4f2 Qb6 21. Kh1
Be3 22. Re2 Bg5 23. Qg3 f6 24. Nd2 Bc6 25. Nf3 Bh6 26. h3 b4 27. Nd1 bxa3 28.
bxa3 Bb5 29. Nh2 Rac8 30. Ng4 Nxg4 31. Qxg4 Rfe8 32. Qf3 Qc5 33. Nf2 Bxd3 34.
Qxd3 Qc4 35. Rd1 Qxd3 36. Rxd3 Bf4 37. g3 Be5 38. Ng4 Bb2 39. Rxd6 a5 40. Rd3
h5 41. Nh2 Rc5 42. Rb3 Bc3 43. Kg2 a4 44. Rb7 Rc4 45. Kf3 Rec8 46. g4 Be5 47.
Nf1 h4 48. Ne3 R4c5 49. Rd2 R5c7 50. Rxc7 Rxc7 51. Nd5 Rb7 52. Rd3 Rb2 53. Ne3
Kh7 54. Rd7 Ra2 55. Rd3 Kh6 56. c4 Bg3 57. Nd1 Kg5 58. Ke3 Rh2 59. Kd4 Rxh3 60.
Kd5 Kxg4 61. Ne3+ Kg5 62. Ng2 Rh2 63. Ne3 Rf2 64. Nd1 Re2 65. Nc3 Rg2 66. Nd1
h3 67. Ne3 Rg1 68. Nf1 Kh4 69. Nxg3 Rg2 70. Rd1 Kxg3 71. Rh1 h2 72. Rxh2 Rxh2
73. c5 Kf4 74. c6 Rd2+ 0-1

[Event "C.to Provinciale KR"]
[Site "Cutro ITA"]
[Date "2012.02.24"]
[Round "1"]
[White "Levato, Biagio"]
[Black "Olivo, Paolo"]
[Result "1-0"]
[WhiteElo "1549"]
[BlackElo "1804"]
[PlyCount "95"]
[EventDate "2012.02.24"]

1. e4 g6 2. d4 Bg7 3. Nf3 d6 4. Bc4 Bg4 5. Bxf7+ Kxf7 6. Ng5+ Ke8 7. Qxg4 Nf6
8. Qh3 Qd7 9. Qg3 d5 10. e5 Ne4 11. Nxe4 dxe4 12. Be3 c6 13. c4 b6 14. Nc3 h5
15. Nxe4 Qg4 16. Ng5 Bh6 17. h3 Qf5 18. h4 Bxg5 19. Bxg5 Qg4 20. Qe3 Rf8 21.
Rh3 Qxg2 22. O-O-O Rxf2 23. Qd3 Rxb2 24. Qxg6+ Kd8 25. Qf5 Nd7 26. e6 Rxa2 27.
Bxe7+ Kc7 28. Rb3 Nf8 29. d5 Qe2 30. Qf4+ Kb7 31. dxc6+ Ka6 32. Ra3+ Rxa3 33.
Bxa3 Nxe6 34. Qf5 Qxc4+ 35. Qc2 Qxc2+ 36. Kxc2 Rc8 37. Rd6 Nc5 38. Bc1 Kb5 39.
Rh6 Rxc6 40. Rxh5 Kc4 41. Rg5 a5 42. h5 a4 43. h6 Rxh6 44. Rg4+ Kd5 45. Bxh6 b5
46. Bc1 Ne4 47. Rg2 Nd6 48. Rd2+ 1-0

[Event "C.to Provinciale KR"]
[Site "Cutro ITA"]
[Date "2012.02.24"]
[Round "1"]
[White "Mano, Vincenzo"]
[Black "Grano, Giuseppe"]
[Result "1-0"]
[WhiteElo "1862"]
[BlackElo "1632"]
[PlyCount "66"]
[EventDate "2012.02.24"]

1. c4 Nf6 2. d4 c6 3. Nc3 d5 4. e3 g6 5. h3 Bg7 6. Nf3 O-O 7. Bd3 Nbd7 8. b4
Nb6 9. c5 Nbd7 10. Bb2 Re8 11. Qc2 Qc7 12. O-O Qd8 13. Ne2 e6 14. Ng3 Qe7 15.
Rae1 b6 16. a3 Bb7 17. e4 dxe4 18. Bxe4 Nxe4 19. Nxe4 Ba6 20. Nd6 Rf8 21. Nc4
bxc5 22. dxc5 Bxb2 23. Nxb2 Bxf1 24. Kxf1 Qf6 25. Nc4 Kg7 26. Nd6 h6 27. Qa4
Nb8 28. Ne5 Qe7 29. Qb3 Qc7 30. Qc3 Kg8 31. Ne4 Nd7 32. Nxd7 Rfd8 33. Nef6+ Kg7
1-0

[Event "C.to Provinciale KR"]
[Site "Cutro ITA"]
[Date "2012.02.24"]
[Round "1"]
[White "Proietto, Francesco"]
[Black "Manfredi, Candido"]
[Result "0-1"]
[WhiteElo "1419"]
[BlackElo "1713"]
[PlyCount "48"]
[EventDate "2012.02.24"]

1. d4 c5 2. c3 c4 3. e3 d5 4. Nf3 Nf6 5. Be2 e6 6. O-O Bd6 7. Nbd2 O-O 8. b3 b5
9. a4 Bd7 10. axb5 Bxb5 11. bxc4 dxc4 12. Bxc4 Bc6 13. Re1 Nbd7 14. Bd3 e5 15.
Nc4 Bc7 16. Ba3 e4 17. Bxf8 Nxf8 18. Be2 exf3 19. Bxf3 Bd5 20. Qe2 Ne4 21. Qd3
Bxh2+ 22. Kxh2 Qh4+ 23. Kg1 Qxf2+ 24. Kh1 Ng3+ 0-1

[Event "C.to Provinciale KR"]
[Site "Cutro ITA"]
[Date "2012.02.24"]
[Round "1"]
[White "Scerra, Ezio"]
[Black "Morelli, Gaetano"]
[Result "1/2-1/2"]
[WhiteElo "1634"]
[BlackElo "1870"]
[PlyCount "32"]
[EventDate "2012.02.24"]

1. c4 c5 2. Nc3 Nc6 3. g3 g6 4. Bg2 Bg7 5. Nf3 Nf6 6. O-O O-O 7. a3 d6 8. Rb1
Be6 9. d3 Qc8 10. Na2 h6 11. b4 Bh3 12. b5 Nd4 13. Nxd4 cxd4 14. e3 Bxg2 15.
Kxg2 Nd7 16. Nb4 Qc5 1/2-1/2

[Event "C.to Provinciale KR"]
[Site "Cutro ITA"]
[Date "2012.02.25"]
[Round "2"]
[White "Grano, Giuseppe"]
[Black "Guzzo, Giovanni"]
[Result "1/2-1/2"]
[WhiteElo "1632"]
[BlackElo "1714"]
[PlyCount "91"]
[EventDate "2012.02.24"]

1. e4 e5 2. Nf3 Nc6 3. Bc4 Nf6 4. d3 h6 5. Be3 Be7 6. h3 O-O 7. Qd2 Kh7 8. Nc3
a6 9. a3 b5 10. Ba2 d6 11. Nd5 Nxd5 12. Bxd5 Bd7 13. d4 Rb8 14. dxe5 dxe5 15.
O-O Bd6 16. Rad1 Qe8 17. Bxc6 Bxc6 18. Qd3 Qe7 19. Rfe1 Bd7 20. c3 f5 21. Qd5
fxe4 22. Qxe4+ Bf5 23. Qd5 Qf6 24. Bc5 Bxh3 25. Bxd6 cxd6 26. Qxd6 Bg4 27. Rxe5
Bxf3 28. gxf3 Qxf3 29. Qd3+ Kg8 30. Qxf3 Rxf3 31. Rd6 Rbf8 32. Re2 R3f6 33.
Rxf6 Rxf6 34. Re4 Kh7 35. a4 g5 36. axb5 axb5 37. Rb4 Rf5 38. c4 bxc4 39. Rxc4
Rb5 40. b4 Kg6 41. Kg2 h5 42. f3 Kf5 43. Rc5+ Rxc5 44. bxc5 Ke6 45. Kg3 Kd5 46.
f4 1/2-1/2

[Event "C.to Provinciale KR"]
[Site "Cutro ITA"]
[Date "2012.02.25"]
[Round "2"]
[White "Grillo, Gianluca"]
[Black "Mano, Vincenzo"]
[Result "0-1"]
[WhiteElo "1308"]
[BlackElo "1862"]
[PlyCount "90"]
[EventDate "2012.02.24"]

1. e4 e6 2. Nc3 b6 3. Bc4 Ne7 4. Nf3 Bb7 5. O-O Ng6 6. d4 Be7 7. a3 O-O 8. Re1
d6 9. d5 e5 10. b4 Nd7 11. a4 a6 12. b5 axb5 13. Bxb5 Nc5 14. Bc6 Bxc6 15. dxc6
Qe8 16. Bg5 Qxc6 17. Bxe7 Nxe7 18. Nd5 Nxd5 19. exd5 Qd7 20. Ng5 h6 21. Ne4
Nxa4 22. c3 f5 23. Ng3 Nxc3 24. Qd3 Rxa1 25. Rxa1 Na4 26. Qc4 Nc5 27. Ne2 f4
28. f3 Qf5 29. g4 fxg3 30. Nxg3 Qxf3 31. Rf1 Qe3+ 32. Kg2 Rxf1 33. Nxf1 Qe4+
34. Qxe4 Nxe4 35. Kf3 Nc3 36. Ne3 b5 37. Kg4 b4 38. Kf5 Kf7 39. h4 b3 40. Nc4
Nxd5 41. Ke4 Ke6 42. h5 Nf6+ 43. Kd3 d5 44. Nd2 c5 45. Nxb3 c4+ 0-1

[Event "C.to Provinciale KR"]
[Site "Cutro ITA"]
[Date "2012.02.25"]
[Round "2"]
[White "Manfredi, Candido"]
[Black "Levato, Biagio"]
[Result "0-1"]
[WhiteElo "1713"]
[BlackElo "1549"]
[PlyCount "80"]
[EventDate "2012.02.24"]

1. d4 Nf6 2. c4 g6 3. Nc3 Bg7 4. e4 d6 5. Nf3 O-O 6. Be2 Re8 7. O-O c6 8. h3
Nbd7 9. Bf4 Qc7 10. Rc1 e5 11. dxe5 dxe5 12. Bg5 h6 13. Be3 Rd8 14. Qc2 a6 15.
a4 Nf8 16. Rcd1 Be6 17. b3 N6d7 18. Rd2 f5 19. exf5 gxf5 20. Rdd1 f4 21. Bc1
Nc5 22. Ba3 Ncd7 23. Ne4 Bf5 24. Nfd2 Ne6 25. Qc3 c5 26. Bd3 Kh8 27. Nf3 Nd4
28. Nxc5 Bxd3 29. Nxd4 Nxc5 30. Bxc5 Bxf1 31. Ne6 Qc6 32. Rxd8+ Rxd8 33. Kxf1
Qxe6 34. Qf3 Qc6 35. Qxc6 bxc6 36. Ke2 e4 37. b4 Bc3 38. g3 Rd2+ 39. Ke1 f3 40.
b5 Rd5+ 0-1

[Event "C.to Provinciale KR"]
[Site "Cutro ITA"]
[Date "2012.02.25"]
[Round "2"]
[White "Morelli, Gaetano"]
[Black "Olivo, Gaetano"]
[Result "1-0"]
[WhiteElo "1870"]
[BlackElo "1550"]
[PlyCount "71"]
[EventDate "2012.02.24"]

1. e4 e6 2. d4 c5 3. c3 Nc6 4. Nf3 a6 5. Be3 cxd4 6. cxd4 Bb4+ 7. Nc3 Qa5 8.
Qc2 Nf6 9. Bd3 d5 10. Nd2 dxe4 11. Ndxe4 Nd5 12. O-O f5 13. Nxd5 Qxd5 14. Nc3
Qd6 15. d5 exd5 16. Bxf5 Bxf5 17. Qxf5 Ne7 18. Qf3 O-O-O 19. Rac1 Nc6 20. Na4
b5 21. Bf4 Qg6 22. Nb6+ Kb7 23. Nxd5 Rxd5 24. Qxd5 Rd8 25. Qf3 Rd3 26. Rxc6
Rxf3 27. Rxg6 Rxf4 28. Rxg7+ Kb6 29. Rxh7 Rc4 30. Rd1 Rc2 31. a3 Bc5 32. b4
Bxf2+ 33. Kf1 Be3 34. Rd6+ Rc6 35. Rxc6+ Kxc6 36. Rh3 1-0

[Event "C.to Provinciale KR"]
[Site "Cutro ITA"]
[Date "2012.02.25"]
[Round "2"]
[White "Olivo, Paolo"]
[Black "Proietto, Francesco"]
[Result "1-0"]
[WhiteElo "1804"]
[BlackElo "1419"]
[PlyCount "51"]
[EventDate "2012.02.24"]

1. d4 d5 2. c4 c6 3. Nc3 Nf6 4. Bg5 e6 5. e3 Be7 6. Nf3 O-O 7. cxd5 exd5 8. Bd3
Qa5 9. O-O Be6 10. Qc2 Nbd7 11. Bxh7+ Nxh7 12. Bxe7 Rfe8 13. Bg5 f6 14. Bh4 Qd8
15. Ne5 Ndf8 16. f4 Qc7 17. Ng6 Nd7 18. Rf3 f5 19. Ne7+ Rxe7 20. Bxe7 g6 21.
Rc1 Ndf6 22. Ba3 Ne4 23. Nxe4 dxe4 24. Rg3 Nf8 25. Bxf8 Rxf8 26. Rxg6+ 1-0

[Event "C.to Provinciale KR"]
[Site "Cutro ITA"]
[Date "2012.02.25"]
[Round "2"]
[White "Virelli, Salvatore"]
[Black "Scerra, Ezio"]
[Result "1-0"]
[WhiteElo "1455"]
[BlackElo "1634"]
[PlyCount "88"]
[EventDate "2012.02.24"]

1. e4 d5 2. exd5 Nf6 3. c4 e6 4. dxe6 Bxe6 5. Nf3 Qe7 6. Be2 Bxc4 7. Qa4+ b5 8.
Qd1 Bxe2 9. Qxe2 a6 10. Qxe7+ Bxe7 11. O-O O-O 12. Re1 Nc6 13. d4 Bd6 14. Be3
Rfe8 15. Nbd2 Nb4 16. Rec1 Nbd5 17. Re1 Ng4 18. Nf1 Re7 19. Bg5 f6 20. Rxe7
fxg5 21. Re6 h6 22. Ne3 Kf7 23. Rxd6 Ndxe3 24. Rd7+ Ke6 25. Rxc7 Nf5 26. Rac1
Rd8 27. h3 Nf6 28. Re1+ Kd6 29. Rec1 Ne7 30. Ne5 Rf8 31. Rxe7 Kxe7 32. Ng6+ Kf7
33. Nxf8 Kxf8 34. Rc6 Nd5 35. Rxa6 Nf4 36. Kf1 Nd3 37. b3 Nb4 38. Rb6 Nxa2 39.
Rxb5 Nc3 40. Re5 Kf7 41. b4 Na2 42. b5 Nb4 43. b6 Nc6 44. b7 Nb8 1-0

[Event "C.to Provinciale KR"]
[Site "Cutro ITA"]
[Date "2012.02.25"]
[Round "3"]
[White "Guzzo, Giovanni"]
[Black "Grillo, Gianluca"]
[Result "1-0"]
[WhiteElo "1714"]
[BlackElo "1308"]
[PlyCount "65"]
[EventDate "2012.02.24"]

1. e4 e5 2. Nf3 d6 3. Bc4 Nf6 4. Ng5 Qe7 5. Bxf7+ Kd8 6. Bb3 h6 7. Nf7+ Ke8 8.
Nxh8 Be6 9. Ng6 Qf7 10. Nxf8 Kxf8 11. Bxe6 Qxe6 12. Nc3 Nc6 13. O-O Rd8 14. d3
Nd4 15. f4 exf4 16. Bxf4 g5 17. Be3 c5 18. Nd5 Kg7 19. Nxf6 Rf8 20. Nh5+ Kg8
21. Bxd4 cxd4 22. Rxf8+ Kxf8 23. Qf3+ Ke7 24. b3 g4 25. Qf4 b5 26. Rf1 a5 27.
Qf8+ Kd7 28. Qa8 d5 29. Qb7+ Kd6 30. Rf6 Qxf6 31. Qb6+ Ke7 32. Qxf6+ Kd7 33.
exd5 1-0

[Event "C.to Provinciale KR"]
[Site "Cutro ITA"]
[Date "2012.02.25"]
[Round "3"]
[White "Levato, Biagio"]
[Black "Morelli, Gaetano"]
[Result "0-1"]
[WhiteElo "1549"]
[BlackElo "1870"]
[PlyCount "52"]
[EventDate "2012.02.24"]

1. e4 e5 2. Nf3 Nc6 3. Bc4 Bc5 4. c3 d6 5. d4 exd4 6. cxd4 Bb6 7. Nc3 Bg4 8.
Bxf7+ Kxf7 9. Ng5+ Qxg5 10. Bxg5 Bxd1 11. Rxd1 Nxd4 12. Nd5 Ne6 13. Be3 Nf6 14.
Bxb6 axb6 15. Nxf6 Kxf6 16. a3 Ra5 17. f3 Rc5 18. O-O Rc2 19. Rb1 Ra8 20. f4
Ra4 21. e5+ dxe5 22. fxe5+ Ke7 23. Rf3 Rg4 24. g3 Ng5 25. Rff1 Nh3+ 26. Kh1 Rd4
0-1

[Event "C.to Provinciale KR"]
[Site "Cutro ITA"]
[Date "2012.02.25"]
[Round "3"]
[White "Manfredi, Candido"]
[Black "Olivo, Paolo"]
[Result "0-1"]
[WhiteElo "1713"]
[BlackElo "1804"]
[PlyCount "99"]
[EventDate "2012.02.24"]

1. d4 Nf6 2. c4 g6 3. Nc3 Bg7 4. e4 d6 5. Nf3 O-O 6. Be2 Nbd7 7. O-O c5 8. d5
e5 9. h3 a6 10. a4 h6 11. Nh2 Re8 12. Be3 Kh7 13. Rb1 Rb8 14. Bd3 Nb6 15. b4
cxb4 16. Rxb4 Nbd7 17. Qd2 Nc5 18. Bc2 a5 19. Rbb1 b6 20. f3 Ba6 21. Nb5 Bxb5
22. Rxb5 Qc7 23. Ng4 Nxg4 24. hxg4 Na6 25. Rbb1 Nb4 26. Bd3 Qd7 27. Qd1 Rec8
28. Qb3 Nxd3 29. Qxd3 Qxa4 30. Rfc1 Qd7 31. Rxb6 Rxb6 32. Bxb6 a4 33. Qa3 Rb8
34. c5 dxc5 35. Bxc5 Rb3 36. Qa2 Qb5 37. Be7 Rb2 38. Qc4 Qa5 39. Qc3 Qb6+ 40.
Bc5 Qb5 41. Qc4 Qa5 42. Rd1 a3 43. Ra1 Qd2 44. Qf1 a2 45. Kh2 Bf6 46. Rd1 Qxd1
47. Qxd1 Rb1 48. Qa4 a1=Q 49. Qe8 Rh1+ 50. Kg3 0-1

[Event "C.to Provinciale KR"]
[Site "Cutro ITA"]
[Date "2012.02.25"]
[Round "3"]
[White "Mano, Vincenzo"]
[Black "Virelli, Salvatore"]
[Result "1-0"]
[WhiteElo "1862"]
[BlackElo "1455"]
[PlyCount "157"]
[EventDate "2012.02.24"]

1. c4 Nf6 2. Nc3 d5 3. d4 g6 4. e3 Bg7 5. Qb3 c6 6. Nge2 e6 7. Ng3 O-O 8. Bd3
Nbd7 9. cxd5 cxd5 10. Bd2 Qb6 11. Qc2 e5 12. Na4 Qc6 13. Rc1 Qxc2 14. Rxc2 e4
15. Be2 a6 16. O-O b5 17. Nc5 Nxc5 18. Rxc5 Be6 19. Rfc1 Rfc8 20. Ba5 Bf8 21.
R5c3 Kg7 22. h3 Bd7 23. R3c2 Ne8 24. Bd1 Nd6 25. b3 Nb7 26. Bc7 Bd6 27. Bxd6
Nxd6 28. Rc7 Be6 29. Ne2 Rxc7 30. Rxc7 Rc8 31. Ra7 Rc6 32. Kf1 b4 33. Nf4 Kf6
34. g4 Nb5 35. Rb7 Nc3 36. Ke1 Nxa2 37. h4 h6 38. Kd2 Nc3 39. Nxe6 Kxe6 40.
Rxb4 Nxd1 41. Kxd1 f5 42. g5 hxg5 43. hxg5 f4 44. Rb8 f3 45. Kd2 Kf5 46. Rd8
Ke6 47. Rg8 Kf7 48. Rb8 Ke6 49. b4 Kf5 50. Rd8 Ke6 51. Re8+ Kd7 52. Rg8 Kc7 53.
Rg7+ Kb6 54. Rd7 Rc4 55. Rd6+ Kb5 56. Rxg6 Rxb4 57. Rg8 Rb2+ 58. Ke1 Rb1+ 59.
Kd2 Rb2+ 60. Ke1 Rb1+ 61. Kd2 Rb2+ 62. Kd1 Rxf2 63. g6 Rg2 64. Ke1 Kc4 65. g7
Kd3 66. Rb8 Kxe3 67. g8=Q Rxg8 68. Rxg8 Kxd4 69. Kf2 Kd3 70. Ra8 e3+ 71. Kxf3
e2 72. Kf2 Kd2 73. Re8 d4 74. Rxe2+ Kd3 75. Ra2 Ke4 76. Rxa6 d3 77. Ke1 Ke3 78.
Re6+ Kd4 79. Kd2 1-0

[Event "C.to Provinciale KR"]
[Site "Cutro ITA"]
[Date "2012.02.25"]
[Round "3"]
[White "Olivo, Gaetano"]
[Black "Scerra, Ezio"]
[Result "1-0"]
[WhiteElo "1550"]
[BlackElo "1634"]
[PlyCount "82"]
[EventDate "2012.02.24"]

1. e4 g6 2. Nf3 d6 3. d4 Bg7 4. Bc4 Nf6 5. Nc3 h6 6. h3 O-O 7. Bf4 Be6 8. d5
Bd7 9. Qd2 Kh7 10. g4 e6 11. O-O-O b5 12. Bd3 e5 13. Be3 b4 14. Ne2 a5 15. Rdg1
Rh8 16. g5 Nh5 17. gxh6 Bf6 18. Ng5+ Kg8 19. f4 Nxf4 20. Nxf4 Bxg5 21. Nh5 Bxe3
22. Qxe3 Qh4 23. Be2 Kf8 24. Ng3 Qxh6 25. Qxh6+ Rxh6 26. Bg4 Bb5 27. h4 Bd7 28.
Be2 c6 29. Rf1 cxd5 30. exd5 Na6 31. Rf6 Ke7 32. Rhf1 Rh7 33. h5 Nc7 34. hxg6
fxg6 35. Ne4 Bb5 36. Bxb5 Nxb5 37. Re6+ Kd7 38. Nf6+ Kc7 39. Nxh7 Rg8 40. Re7+
Kb6 41. Nf6 Kc5 1-0

[Event "C.to Provinciale KR"]
[Site "Cutro ITA"]
[Date "2012.02.25"]
[Round "3"]
[White "Proietto, Francesco"]
[Black "Grano, Giuseppe"]
[Result "0-1"]
[WhiteElo "1419"]
[BlackElo "1632"]
[PlyCount "68"]
[EventDate "2012.02.24"]

1. d4 d5 2. c4 Nf6 3. Nf3 g6 4. e3 Bg7 5. Bd3 O-O 6. O-O Nbd7 7. Nc3 c6 8. Re1
e6 9. b3 Re8 10. e4 dxe4 11. Nxe4 Qc7 12. Bh6 Bxh6 13. Nxf6+ Nxf6 14. Qc2 Bg7
15. Rad1 b6 16. Bf1 Bb7 17. g3 Rad8 18. Bg2 c5 19. dxc5 bxc5 20. Re2 Rxd1+ 21.
Qxd1 Ne4 22. Re3 Rd8 23. Rd3 Rxd3 24. Qxd3 Nd6 25. Qe2 Nf5 26. Qd1 Nd4 27. Nxd4
Bxd4 28. Qf1 e5 29. Bxb7 Qxb7 30. Qg2 e4 31. h4 Qe7 32. Qf1 Qf6 33. Kg2 Qf3+
34. Kh2 e3 0-1

[Event "C.to Provinciale KR"]
[Site "Cutro ITA"]
[Date "2012.02.26"]
[Round "4"]
[White "Grano, Giuseppe"]
[Black "Olivo, Gaetano"]
[Result "1-0"]
[WhiteElo "1632"]
[BlackElo "1550"]
[PlyCount "146"]
[EventDate "2012.02.24"]

1. e4 e6 2. d4 c5 3. Nf3 cxd4 4. Nxd4 Nc6 5. c3 Nf6 6. Bd3 Bc5 7. Nb3 Be7 8.
O-O h6 9. Be3 b6 10. N1d2 Bb7 11. Re1 Ne5 12. Be2 Rc8 13. h3 Ng6 14. Nd4 d5 15.
Bb5+ Nd7 16. Bxd7+ Qxd7 17. exd5 Qxd5 18. Qa4+ b5 19. Qxb5+ Qxb5 20. Nxb5 a6
21. Nd4 O-O 22. N4f3 Rfd8 23. Bd4 Rd5 24. g3 Rcd8 25. Nc4 Rh5 26. Kg2 Bxf3+ 27.
Kxf3 Rxh3 28. Kg2 Rh5 29. Rh1 Rdd5 30. Ne3 Rxh1 31. Rxh1 Rg5 32. Kf3 f5 33. Ng2
Bd6 34. Nf4 Nxf4 35. gxf4 Rg4 36. Be3 e5 37. fxe5 Bxe5 38. Rh5 g6 39. Rxh6 Kg7
40. Rh1 Bf6 41. Rd1 g5 42. Bd4 Rf4+ 43. Kg2 Rg4+ 44. Kf1 Re4 45. Bxf6+ Kxf6 46.
Rd6+ Ke5 47. Rxa6 Kf4 48. Rd6 Re8 49. b4 Kg4 50. a4 f4 51. Rd3 f3 52. Re3 Rd8
53. Ke1 Kf4 54. a5 g4 55. Re7 Rd3 56. a6 Rxc3 57. a7 Ra3 58. b5 g3 59. Rf7+ Kg4
60. Rg7+ Kf5 61. fxg3 Ra2 62. b6 Ke4 63. Re7+ Kd3 64. Rd7+ Ke3 65. Kd1 f2 66.
Rf7 Kd3 67. Kc1 Kc3 68. Kb1 Re2 69. Rxf2 Rxf2 70. a8=Q Rf1+ 71. Ka2 Rf2+ 72.
Ka3 Rf1 73. Qa5+ Kc2 1-0

[Event "C.to Provinciale KR"]
[Site "Cutro ITA"]
[Date "2012.02.26"]
[Round "4"]
[White "Grillo, Gianluca"]
[Black "Manfredi, Candido"]
[Result "1/2-1/2"]
[WhiteElo "1308"]
[BlackElo "1713"]
[PlyCount "62"]
[EventDate "2012.02.24"]

1. e4 c5 2. Nf3 Nc6 3. c3 Nf6 4. e5 Nd5 5. c4 Nb6 6. Nc3 d6 7. exd6 exd6 8. Be2
g6 9. O-O Bg7 10. d3 O-O 11. Bf4 a6 12. b3 Bxc3 13. Rb1 Bg4 14. h3 Bxf3 15.
Bxf3 Qd7 16. Bg4 f5 17. Bf3 Ne5 18. Bd5+ Nxd5 19. cxd5 Nf7 20. b4 b6 21. Qd2
Be5 22. bxc5 bxc5 23. a4 Qxa4 24. Bxe5 Nxe5 25. f4 Qd4+ 26. Kh2 Nxd3 27. Rb3 c4
28. Rc3 Qxd5 29. Qa2 Rfc8 30. Rf3 Qf7 31. g4 d5 1/2-1/2

[Event "C.to Provinciale KR"]
[Site "Cutro ITA"]
[Date "2012.02.26"]
[Round "4"]
[White "Morelli, Gaetano"]
[Black "Mano, Vincenzo"]
[Result "1-0"]
[WhiteElo "1870"]
[BlackElo "1862"]
[PlyCount "70"]
[EventDate "2012.02.24"]

1. e4 e6 2. d4 Nf6 3. Bd3 Be7 4. c3 b6 5. e5 Ng8 6. Qg4 g6 7. h4 d5 8. h5 g5 9.
f4 h6 10. Nf3 f5 11. exf6 Nxf6 12. Bg6+ Kf8 13. Qg3 Ne4 14. Bxe4 dxe4 15. Ne5
Rg8 16. fxg5 Bxg5 17. O-O+ Ke8 18. Qf2 Qe7 19. Ng6 Qg7 20. Bxg5 hxg5 21. Nd2
Bb7 22. Nc4 Nd7 23. Qg3 Rc8 24. Nce5 Nf6 25. Qxg5 Nh7 26. Qg4 Bd5 27. Rf7 Qxf7
28. Nxf7 Kxf7 29. Rf1+ Ke8 30. Qf4 Rg7 31. Qh6 Rf7 32. Rxf7 Kxf7 33. Qxh7+ Kf6
34. Ne5 Kg5 35. g3 Kf6 1-0

[Event "C.to Provinciale KR"]
[Site "Cutro ITA"]
[Date "2012.02.26"]
[Round "4"]
[White "Olivo, Paolo"]
[Black "Guzzo, Giovanni"]
[Result "0-1"]
[WhiteElo "1804"]
[BlackElo "1714"]
[PlyCount "97"]
[EventDate "2012.02.24"]

1. d4 e6 2. c4 d5 3. Nc3 c5 4. e3 Nf6 5. Nf3 Nc6 6. Be2 a6 7. O-O Bd6 8. cxd5
exd5 9. dxc5 Bxc5 10. Qa4 O-O 11. a3 h6 12. b4 Bb6 13. Bb2 Qd6 14. Nb5 Qe6 15.
Nbd4 Qd6 16. b5 Nxd4 17. Nxd4 Bd7 18. Qb3 Ne4 19. Rfd1 Bc7 20. Nf3 Be6 21. Rac1
f6 22. a4 Ng5 23. g3 Rf7 24. Ba3 Qd7 25. b6 Bd6 26. Bxd6 Qxd6 27. Nd4 Bh3 28.
g4 g6 29. e4 Qf4 30. exd5 Bxg4 31. Bxg4 Qxg4+ 32. Qg3 Qe4 33. d6 Rd8 34. Rc7
Rfd7 35. Rxd7 Rxd7 36. h4 Ne6 37. Nxe6 Qxe6 38. Rc1 Kf7 39. Rc7 f5 40. Qf4 h5
41. Kh2 Kg7 42. a5 Kh7 43. Kg3 Kg7 44. Qd4+ Kf7 45. f3 Qe1+ 46. Kf4 Qxh4+ 47.
Ke3 Qxd4+ 48. Kxd4 Ke6 49. Kc5 0-1

[Event "C.to Provinciale KR"]
[Site "Cutro ITA"]
[Date "2012.02.26"]
[Round "4"]
[White "Scerra, Ezio"]
[Black "Proietto, Francesco"]
[Result "0-1"]
[WhiteElo "1634"]
[BlackElo "1419"]
[PlyCount "75"]
[EventDate "2012.02.24"]

1. e4 e5 2. Bc4 Nf6 3. Nf3 h6 4. O-O Nc6 5. d4 Nxe4 6. Bxf7+ Kxf7 7. Nxe5+ Nxe5
8. Re1 d5 9. dxe5 Nc5 10. Re3 Bf5 11. g4 Qg5 12. Qxd5+ Kg6 13. Re1 Qxg4+ 14.
Kh1 Be4+ 15. Rxe4 Qxe4+ 16. Qxe4+ Nxe4 17. f3 Ng5 18. Kg2 Kf5 19. f4 Ne6 20.
Kf3 g5 21. b3 gxf4 22. Nd2 Ng5+ 23. Kg2 Kxe5 24. h4 f3+ 25. Nxf3+ Nxf3 26. Kxf3
Rg8 27. Bf4+ Kf6 28. Bxc7 Rc8 29. Bf4 Rxc2 30. Rc1 Rxc1 31. Bxc1 Bd6 32. Bxh6
Kg6 33. Bg5 Kh5 34. Kg2 Rg7 35. Kh3 Be7 36. Be3 Bxh4 37. Bxa7 b5 38. a4 0-1

[Event "C.to Provinciale KR"]
[Site "Cutro ITA"]
[Date "2012.02.26"]
[Round "4"]
[White "Virelli, Salvatore"]
[Black "Levato, Biagio"]
[Result "1-0"]
[WhiteElo "1455"]
[BlackElo "1549"]
[PlyCount "80"]
[EventDate "2012.02.24"]

1. e4 c5 2. Nf3 Nc6 3. d4 e6 4. c3 Qc7 5. Be2 Nf6 6. e5 Nd5 7. O-O cxd4 8. cxd4
Nde7 9. Nc3 a6 10. a3 Nf5 11. b4 b5 12. Bb2 Bb7 13. Rc1 Rd8 14. Re1 d6 15. Ne4
Qb8 16. Nxd6+ Bxd6 17. exd6 Nxd6 18. Qc2 Nf5 19. Red1 O-O 20. Qc3 Nce7 21. Qc7
Qa8 22. Qf4 Nd5 23. Qe5 Rfe8 24. Bd3 f6 25. Qe2 Nf4 26. Qd2 Nxd3 27. Qxd3 Be4
28. Qe2 Bd5 29. Rc5 Bxf3 30. gxf3 Nh4 31. Rd3 Ng6 32. Qe4 Qb8 33. Rc6 Nf4 34.
Re3 Nh3+ 35. Kg2 Ng5 36. Qg4 Rd6 37. d5 Rxc6 38. dxc6 Qd6 39. h4 h5 40. Qxh5
Nh7 1-0

[Event "C.to Provinciale KR"]
[Site "Cutro ITA"]
[Date "2012.02.26"]
[Round "5"]
[White "Levato, Biagio"]
[Black "Grano, Giuseppe"]
[Result "1/2-1/2"]
[WhiteElo "1549"]
[BlackElo "1632"]
[PlyCount "200"]
[EventDate "2012.02.24"]

1. e4 c5 2. Nf3 d6 3. d3 Nc6 4. g3 Nf6 5. Bg2 Bg4 6. O-O g6 7. c3 Bg7 8. Nbd2
O-O 9. Qc2 Qd7 10. Re1 Rac8 11. Nf1 Bxf3 12. Bxf3 Ne5 13. Bg2 b6 14. Qd1 Qg4
15. f3 Qd7 16. Ne3 b5 17. f4 Nc6 18. Nc2 e6 19. Qe2 a6 20. Be3 Qc7 21. e5 dxe5
22. fxe5 Nd7 23. d4 cxd4 24. Nxd4 Nxd4 25. cxd4 Qc2 26. Bb7 Qxe2 27. Rxe2 Rb8
28. Bc6 Nb6 29. b3 Rfc8 30. Bg2 Rc3 31. Be4 Nd5 32. Bd2 Rc6 33. Kg2 h5 34. h4
Kh7 35. Rf1 Kg8 36. Kh3 b4 37. g4 hxg4+ 38. Kxg4 Rc7 39. Ref2 Nc3 40. Bd3 a5
41. Bc4 Ne4 42. Re2 Nxd2 43. Rxd2 Bh6 44. Re2 Rd8 45. Rd1 Rcd7 46. Re4 Bf8 47.
Rf1 Rxd4 48. Rff4 Rxe4 49. Rxe4 Bc5 50. h5 Kg7 51. Kg5 gxh5 52. Kxh5 Rh8+ 53.
Kg4 Be7 54. Kg3 Rh5 55. Kg2 Rg5+ 56. Kh3 Rf5 57. Kg3 Kh6 58. Be2 Rg5+ 59. Kh3
Bf8 60. Rh4+ Kg7 61. Bd3 f5 62. exf6+ Kxf6 63. Rf4+ Ke7 64. Bc4 Re5 65. Kg4 Bh6
66. Rd4 Be3 67. Rd3 Bb6 68. Rh3 Rc5 69. Rh7+ Kd6 70. Bxe6 Rc2 71. Bc4 Rxa2 72.
Rh6+ Kc5 73. Rh5+ Kd4 74. Rd5+ Kc3 75. Rd3+ Kc2 76. Rh3 Kb2 77. Rh2+ Ka3 78.
Rh6 Bd4 79. Ra6 Kb2 80. Rh6 Ra1 81. Rh2+ Kc3 82. Rh3+ Kd2 83. Rd3+ Kc1 84. Rxd4
a4 85. bxa4 Rxa4 86. Bb3 Ra3 87. Rxb4 Kb2 88. Bd1+ Kc3 89. Re4 Ra1 90. Bf3 Kd3
91. Kf4 Ra7 92. Be2+ Kd2 93. Bg4 Rf7+ 94. Bf5 Rc7 95. Re3 Rc3 96. Re4 Rc7 97.
Kf3 Rc3+ 98. Kf2 Rc5 99. Bg4 Rc2 100. Re2+ Kc3 1/2-1/2

[Event "C.to Provinciale KR"]
[Site "Cutro ITA"]
[Date "2012.02.26"]
[Round "5"]
[White "Manfredi, Candido"]
[Black "Scerra, Ezio"]
[Result "1-0"]
[WhiteElo "1713"]
[BlackElo "1634"]
[PlyCount "87"]
[EventDate "2012.02.24"]

1. d4 c5 2. d5 Nf6 3. c4 b5 4. b3 bxc4 5. bxc4 d6 6. Bb2 Ba6 7. e3 Ne4 8. Nf3
Nd7 9. Bd3 Qa5+ 10. Nfd2 Nxd2 11. Qxd2 Qxd2+ 12. Nxd2 Ne5 13. Be2 e6 14. e4
exd5 15. exd5 Be7 16. O-O Rb8 17. Bxe5 dxe5 18. Rab1 O-O 19. Rb3 Rb6 20. Rfb1
Rfb8 21. Kf1 f5 22. f3 Bd6 23. g3 Bc7 24. h4 R6b7 25. Kf2 Ba5 26. Ke3 Bxd2+ 27.
Kxd2 Rb4 28. Kc3 R4b6 29. Bd3 Rxb3+ 30. axb3 Rb4 31. Ra1 e4 32. fxe4 fxe4 33.
Bxe4 Bb5 34. Rxa7 Be8 35. Rc7 Bh5 36. d6 Bd1 37. Bc2 Bg4 38. Rxc5 Rb7 39. Rc6
Rb8 40. c5 Rc8 41. Rxc8+ Bxc8 42. c6 Kf8 43. d7 Bxd7 44. cxd7 1-0